Central Library and Information Centre
Sibsagar Girls' College, Sivasagar : Assam

SET THEORY & RELATED TOPICS (Record no. 5761)

MARC details
000 -LEADER
fixed length control field 00369cam a2200157ua 4500
008 - FIXED-LENGTH DATA ELEMENTS--GENERAL INFORMATION
fixed length control field 120720n1993 II |||gr||||Z||||||eng
040 ## - CATALOGING SOURCE
Original cataloging agency MAIN
041 ## - LANGUAGE CODE
-- English
082 ## - DEWEY DECIMAL CLASSIFICATION NUMBER
Classification number 511.322 GUP
100 ## - MAIN ENTRY--PERSONAL NAME
Personal name GUPTA, K. P.
245 ## - TITLE STATEMENT
Title SET THEORY & RELATED TOPICS
260 ## - PUBLICATION, DISTRIBUTION, ETC.
Place of publication, distribution, etc. MEERUT
Name of publisher, distributor, etc. KRISHNA PRAKASHAN MANDIR
Date of publication, distribution, etc. 1993
300 ## - PHYSICAL DESCRIPTION
Extent 334:
Dimensions 22CM.
942 ## - ADDED ENTRY ELEMENTS (KOHA)
Koha item type Books
Holdings
Withdrawn status Lost status Damaged status Not for loan Collection code Home library Current library Shelving location Date acquired Full call number Barcode Date last seen Copy number Price effective from Koha item type Public note
        REFMAT Central Library and Information Centre Sibsagar Girls College Central Library and Information Centre Sibsagar Girls College MATHEMATICS BOOK RACK 19.06.1995 511.322 GUP 13912 27.02.2020 1 27.02.2020 Books V


Sibsagar Girl's College © 2020. All rights reserved.
Powered by Koha.
Maintained by Abhijit Borpuzari.